000 00297 a2200097 4500
082 _a624.177321 RAM
100 _aRamaswamy,G.S.
245 _aAnalysis,Design and Construction of Steel Space Frames /
_cG.S. Ramaswamy , M.Eekhout
260 _aLondon :
_cThomas Telford,
_b2002
300 _a242p. :
_bill . ;
_c23cm
650 _aASCE
999 _c1272
_d1272